zpět

Detail výsledku týmu

Koruna, Břeclav

Datum a čas kvízu

28.5 Celkem bodů Celkový počet nahraných bodů na tomto kvízu bez doplňovacích otázek.
7. Pořadí na kvízu Konečné umístění týmu na tomto kvízu.

Zaznamenané odpovědi

# Otázka Odpověď Body Výsledky
1. Tým CNN Prima News bude posíle... Markéta Fialová 0
2. Česká komisařka Věra Jourová s... hodnoty a transparentnost 0
3. Kanadská spisovatelka Margaret... Příběh služebnice 0
4. V den svých 55. narozenin odeš... Alibaba 0
5. Ve čtvrtek začal nový ročník č... Sparta Praha, Škoda Plzeň 1
6. Když už jsme tu měli minulý tý... serotonin 0
7. Syn boha války Area a bohyně l... Erós 1
8. Příponu -filie mají různá slov... Viktorie 0
9. Láska je samozřejmě nevyčerpat... 1A 2D 3B 4C 0
10. Jak se jmenuje tato filmová po... William Shakespeare 1